Catálogo
 En Linea

Cartas de Amor de un Joven Indio / (Registro nro. 42412)

Detalles MARC
000 -CABECERA
campo de control de longitud fija 00632nam a2200193 a 4500
001 - NÚMERO DE CONTROL
campo de control 000042923
005 - FECHA Y HORA DE LA ÚLTIMA TRANSACCIÓN
campo de control 20201002040512.0
008 - DATOS DE LONGITUD FIJA--INFORMACIÓN GENERAL
campo de control de longitud fija 140213s1993 sp a 000 0 spa d
020 ## - NÚMERO INTERNACIONAL ESTÁNDAR DEL LIBRO
Número Internacional Estándar del Libro 8476510764
040 ## - FUENTE DE LA CATALOGACIÓN
Centro catalogador/agencia de origen DO-SdBNP
Lengua de catalogación spa
Centro/agencia transcriptor BNPHU
082 ## - NÚMERO DE LA CLASIFICACIÓN DECIMAL DEWEY
Número de clasificación xxx
Número de documento/Ítem R988c
100 1# - ENTRADA PRINCIPAL--NOMBRE DE PERSONA
Nombre de persona Ryan, Marah Ellis,
Fechas asociadas al nombre 1866-1934.
9 (RLIN) 70387
245 10 - MENCIÓN DE TÍTULO
Título Cartas de Amor de un Joven Indio /
Mención de responsabilidad, etc. Marah Ellis Ryan ; prólogo y traducción de Carmen Bravo-Villasante.
260 ## - PUBLICACIÓN, DISTRIBUCIÓN, ETC.
Lugar de publicación, distribución, etc. Barcelona,
Fecha de publicación, distribución, etc. 1993.
300 ## - DESCRIPCIÓN FÍSICA
Extensión 109 p :
Otras características físicas il., ;
Dimensiones 20 cm.
490 1# - MENCIÓN DE SERIE
Mención de serie Hesperus
Designación de volumen o secuencia 45
700 12 - PUNTO DE ACCESO ADICIONAL--NOMBRE DE PERSONA
Nombre de persona Bravo-Villasante, Carmen
Fechas asociadas al nombre 1918-1994
Término indicativo de función/relación pról.
9 (RLIN) 70388
830 #0 - PUNTO DE ACCESO ADICIONAL DE SERIE-TÍTULO UNIFORME
Título uniforme Hesperus
Número de parte o sección de la obra 45
9 (RLIN) 70389
Existencias
Estado de retiro Estado de pérdida Restricciones de uso No para préstamo Código de colección Localización permanente Ubicación/localización actual Ubicación en estantería Fecha de adquisición Número de inventario Total de préstamos Signatura topográfica completa Código de barras Fecha visto por última vez Precio válido a partir de Tipo de ítem Koha
      Excluido de préstamo Monografías: Libros y Folletos General General En catalogación 13.02.2014 LF1   xxx R988c 42923-10 25.06.2020 25.06.2020 No se presta

Con tecnología Koha